| 000 | 00766cam a22002651 4500 | ||
|---|---|---|---|
| 001 | 14143 | ||
| 003 | BD-RjUL | ||
| 005 | 20211208235559.0 | ||
| 008 | 140205s1952 enka 001 0 eng d | ||
| 035 | _a(BD-RjUL)14195 | ||
| 035 | _a(OCoLC)5838673 | ||
| 040 |
_aDLC _cOCl _dDLC _dBD-RjUL _beng |
||
| 041 | _aeng | ||
| 082 | 0 | 0 |
_a635 _bSHA 1952 |
| 100 | 2 |
_aShewell-Cooper, W. E. _q(Wilfred Edward), _d1900- _944180 |
|
| 245 | 1 | 4 |
_aThe A.B.C. of gardening / _c W. E.Shewell-Cooper. |
| 260 |
_aLondon : _bEnglish Universities Press, _c1952 |
||
| 300 |
_a262 p. : _billus. ; _c19 cm. |
||
| 490 | 0 | _aThe ABC of gardening series | |
| 504 | _aIncludes Index | ||
| 650 | 0 |
_aGardening. _944181 |
|
| 942 |
_2ddc _cBK |
||
| 999 |
_c14143 _d14143 |
||